Movies By Tagline: 80s Edition - Statistics

General Stats
  • This quiz has been taken 125 times
  • The average score is 6 of 15
Answer Stats
Hint Answer % Correct
"First dance. First love. The time of your life. Dancing to the beat of their hearts." Dirty Dancing
86%
"One kid. One town. One chance. All he wanted to do was dance." Footloose
83%
"Five strangers with nothing in common. Except each other." The Breakfast Club
76%
"Don't feed the plants." Little Shop Of Horrors
61%
"Somewhere under the sea and beyond your imagination is an adventure in fantasy. Love has no boundaries." The Little Mermaid
61%
"They grew up outside of society. They weren't looking for a fight, they were looking to belong." The Outsiders
56%
"The only question is -- what time is it?" Back To The Future
53%
"You're only young once. But for Josh, it might just last a lifetime." Big
48%
"One man's struggle to take it easy." Ferris Bueller's Day Off
47%
"Up there with the best of the best." Top Gun
36%
"Meet the model son who's been good for too long. There's a time for playing it safe and a time for . . . " Risky Business
18%
"A lifetime of fun in just one night." Adventures in Babysitting
8%
"The movie of 'tomorrow'" Annie
5%
"True love has never been a snap." The Princess Bride
4%
"For anyone who's ever won. For anyone who's ever lost. And for everyone who's still in there trying." Working Girl
3%
No matching quizzes found
Score Distribution
Percent of People with Each Score
Percentile by Number Answered
Your Score History
You have not taken this quiz